<?xml version="1.0" encoding="UTF-8"?><?xml-stylesheet type="text/xsl" href="static/style.xsl"?><OAI-PMH xmlns="http://www.openarchives.org/OAI/2.0/" xmlns:xsi="http://www.w3.org/2001/XMLSchema-instance" xsi:schemaLocation="http://www.openarchives.org/OAI/2.0/ http://www.openarchives.org/OAI/2.0/OAI-PMH.xsd"><responseDate>2026-06-07T02:19:08Z</responseDate><request verb="GetRecord" identifier="oai:riubu.ubu.es:10259/11798" metadataPrefix="marc">https://riubu.ubu.es/oai/request</request><GetRecord><record><header><identifier>oai:riubu.ubu.es:10259/11798</identifier><datestamp>2026-06-05T00:05:22Z</datestamp><setSpec>com_10259_4839</setSpec><setSpec>com_10259_5086</setSpec><setSpec>com_10259_2604</setSpec><setSpec>col_10259_4840</setSpec></header><metadata><record xmlns="http://www.loc.gov/MARC21/slim" xmlns:doc="http://www.lyncode.com/xoai" xmlns:xsi="http://www.w3.org/2001/XMLSchema-instance" xmlns:dcterms="http://purl.org/dc/terms/" xsi:schemaLocation="http://www.loc.gov/MARC21/slim http://www.loc.gov/standards/marcxml/schema/MARC21slim.xsd">
<leader>00925njm 22002777a 4500</leader>
<datafield tag="042" ind1=" " ind2=" ">
<subfield code="a">dc</subfield>
</datafield>
<datafield tag="720" ind1=" " ind2=" ">
<subfield code="a">Delgado Benito, Vanesa</subfield>
<subfield code="e">author</subfield>
</datafield>
<datafield tag="720" ind1=" " ind2=" ">
<subfield code="a">Hortigüela Alcalá, David</subfield>
<subfield code="e">author</subfield>
</datafield>
<datafield tag="720" ind1=" " ind2=" ">
<subfield code="a">Ausín Villaverde, Vanesa</subfield>
<subfield code="e">author</subfield>
</datafield>
<datafield tag="720" ind1=" " ind2=" ">
<subfield code="a">Abella García, Víctor</subfield>
<subfield code="e">author</subfield>
</datafield>
<datafield tag="260" ind1=" " ind2=" ">
<subfield code="c">2017-06</subfield>
</datafield>
<datafield tag="520" ind1=" " ind2=" ">
<subfield code="a">En los últimos tiempos, el Aprendizaje Basado en Proyectos (ABP) se ha mostrado&#xd;
como una metodología activa innovadora para el desarrollo de competencias en&#xd;
Educación Superior. En estas páginas se presenta un proyecto cuya finalidad ha sido la&#xd;
creación colaborativa de una radio (#RadioEdUBU), por parte de estudiantes de&#xd;
diversos Grados de Educación de la Universidad de Burgos, mediante entrevistas en&#xd;
formato podcast realizadas a expertos sobre TIC y educación. Se han utilizado sistemas&#xd;
de evaluación formativa y compartida, tanto durante el proceso de realización del&#xd;
proyecto mediante grupos de trabajo como en el producto final. Todo ello a través de&#xd;
estrategias como la autoevaluación y la coevaluación y utilizando diversas rúbricas</subfield>
</datafield>
<datafield tag="520" ind1=" " ind2=" ">
<subfield code="a">Recently, Project Based Learning (PBL) has been shown as an innovative and active&#xd;
methodology for the development of skills in Higher Education. In these pages we present a project whose purpose has been the collaborative creation of a radio&#xd;
(#RadioEdUBU), by students of different Degrees in Education at the University of&#xd;
Burgos, through interviews in podcast format made to experts on ICT and Education.&#xd;
Using formative and shared evaluation systems, both during the realization of the&#xd;
project through working groups and in the final product. All this through strategies such&#xd;
as self-assessment, co-evaluation and various rubrics</subfield>
</datafield>
<datafield tag="024" ind2=" " ind1="8">
<subfield code="a">https://hdl.handle.net/10259/11798</subfield>
</datafield>
<datafield tag="024" ind2=" " ind1="8">
<subfield code="a">10.22370/ieya.2017.3.2.693</subfield>
</datafield>
<datafield tag="024" ind2=" " ind1="8">
<subfield code="a">0719-6202</subfield>
</datafield>
<datafield ind1=" " ind2=" " tag="653">
<subfield code="a">Aprendizaje basado en proyectos</subfield>
</datafield>
<datafield ind1=" " ind2=" " tag="653">
<subfield code="a">Metodologías activas</subfield>
</datafield>
<datafield ind1=" " ind2=" " tag="653">
<subfield code="a">Innovación educativa</subfield>
</datafield>
<datafield ind1=" " ind2=" " tag="653">
<subfield code="a">Evaluación formativa</subfield>
</datafield>
<datafield ind1=" " ind2=" " tag="653">
<subfield code="a">Enseñanza universitaria</subfield>
</datafield>
<datafield ind1=" " ind2=" " tag="653">
<subfield code="a">Project-based learning</subfield>
</datafield>
<datafield ind1=" " ind2=" " tag="653">
<subfield code="a">Active methodologies</subfield>
</datafield>
<datafield ind1=" " ind2=" " tag="653">
<subfield code="a">Educational innovation</subfield>
</datafield>
<datafield ind1=" " ind2=" " tag="653">
<subfield code="a">Formative assessment</subfield>
</datafield>
<datafield ind1=" " ind2=" " tag="653">
<subfield code="a">Higher education</subfield>
</datafield>
<datafield tag="245" ind1="0" ind2="0">
<subfield code="a">Evaluación formativa a través de metodologías activas: proyecto RADIOEDUBU</subfield>
</datafield>
</record></metadata></record></GetRecord></OAI-PMH>